Účtová trieda 0 – Dlhodobý majetok

Štvrtá časť seriálu o dlhodobom majetku je zameraná na účtovú skupinu 02 – Dlhodobý hmotný majetok odpisovaný. V článku si podrobne rozoberieme účtovanie na účte 021 – Stavby v obciach, rozpočtových a príspevkových organizáciách.

Gespeichert in:
Bibliographische Detailangaben
1. Verfasser: Urbanová, Terézia
Format: Buchkapitel
Sprache:Slowakisch
Schlagworte:
Tags: Tag hinzufügen
Keine Tags, Fügen Sie das erste Tag hinzu!

MARC

LEADER 00000naa a2200000 4500
001 0313227
005 20251119102625.3
041 0 |a slo 
044 |a SK 
245 1 0 |a Účtová trieda 0 – Dlhodobý majetok  |c Terézia Urbanová 
520 |a Štvrtá časť seriálu o dlhodobom majetku je zameraná na účtovú skupinu 02 – Dlhodobý hmotný majetok odpisovaný. V článku si podrobne rozoberieme účtovanie na účte 021 – Stavby v obciach, rozpočtových a príspevkových organizáciách. 
610 2 0 |a účtovanie 
610 2 0 |a majetok dlhodobý 
610 2 0 |a obce 
610 2 0 |a stavby 
610 2 0 |a budovy 
610 2 0 |a organizácie rozpočtové 
610 2 0 |a organizácie príspevkové 
100 1 |a Urbanová, Terézia